000 00812cab a2200193 4500
001 ##L136531
008 070206n2007 000 0 eng u
035 _a(Sirsi) u136531
041 0 _aeng
100 1 _aManser, Michael
245 0 0 _aBuilding study
_bit sweeps and soars; an appropriately powerful structure in the airfield landscape
260 _c2007
490 0 _aArchitects' Journal
_v225(4) 1 February 2007, 22-35(14)
520 _aReports on the design, architecture and costing of theNational Cold War Exhibition at the RAF Museum, Cosford, Shropshire. Contains building costs (gross internal floor area), layout plans, working details, and project credits. The total cost was £12.5m.
590 _aKA
651 4 _aUnited Kingdom
_y
690 _aBUILT ENVIRONMENT-BUILDING COSTS
942 _n0
999 _c78333
_d78333